00242 a2200097 4500001000700000040003500007100002000042240003900062245003400101362000900135148915 cEscola São Tomás de Aquino aLARREULA, Enric10aAs memórias da Bruxa Onildalpor10aAs memórias da Bruxa Onilda0 a2013